000 01038nac a22003131i 4500
003 EG-ScBUE
005 20241016132041.0
008 241016r20052004enk f b 001 0 eng d
020 _a1852337818 (soft cover : acid-free paper)
020 _a9781852337810
040 _aEG-ScBUE
_beng
_erda
_cEG-ScBUE
_dEG-ScBUE
082 0 4 _a515.42
_bCAP
_222
100 1 _aCapiński, Marek,‏
_d1951-‏
_eauthor.
245 1 0 _aMeasure, integral and probability /
_cMarek Capiński and Ekkehard Kopp.
250 _aSecond edition.
250 _aSecond printing.
264 _aLondon ;
_aNew York :
_bSpringer,
_c2005.
300 _axv, 311 pages ;
_c23 cm
336 _2rdacontent
_atext
_btxt
337 _aunmediated
_2rdamedia
_bn
338 _avolume
_bnc
_2rdacarrier
504 _aIncludes bibliographical references and index.
650 7 _aMeasure theory.
_2BUEsh
650 7 _aIntegrals, Generalized.
_2BUEsh
650 7 _aProbabilities.
_2BUEsh
655 _vReading book
700 1 _aKopp, P. E.,
_d1944-
_eauthor.
942 _cBB
_2ddc
999 _c1279
_d1279